| 000 | 00651nam a22002770a 4500 | ||
|---|---|---|---|
| 001 | PT50240 | ||
| 003 | AR-LpoUNG | ||
| 005 | 20210131231337.0 | ||
| 008 | 191001s2009||||ag |||||||||||||||||spa d | ||
| 020 |
_a9788426417381 _c$119,78 |
||
| 040 |
_aAR-LpoUNG _bspa _cAR-LpoUNG _eaacr |
||
| 041 | _aspa | ||
| 044 | _aag | ||
| 082 | 0 | _aA863 953cue | |
| 100 | 1 | _aMujica Lainez, Manuel | |
| 245 | 1 | 0 | _aCuentos escogidos |
| 250 | _a1ยง ed. | ||
| 260 |
_aBuenos Aires : _bLumen, _c2009. |
||
| 300 |
_a283 p. : _bil. |
||
| 650 | 4 | _aARGENTINA | |
| 650 | 4 | _aCUENTOS | |
| 650 | 4 | _aLITERATURA | |
| 651 | 4 | _aArgentina | |
| 905 | _a50240 | ||
| 942 | _cLIB | ||
| 999 |
_c9474 _d9474 |
||